The Multiple Choice City Quiz Badge - Statistics

General Stats
  • This quiz has been taken 2 times
  • The average score is 95 of 100
Answer Stats
Country or State City Population % Correct
Netherlands Amsterdam 2.5m
100%
Greece Athens 3.6m
100%
Georgia Atlanta 6.4m
100%
Texas Austin 2.6m
100%
Iraq Baghdad 9.8m
100%
Maryland Baltimore 2.9m
100%
Thailand Bangkok 17.4m
100%
Spain Barcelona 5.5m
100%
China Beijing 22.4m
100%
Lebanon Beirut 3.5m
100%
Germany Berlin 4.7m*
100%
United Kingdom Birmingham 1.1m
100%
Massachusetts Boston 4.9m
100%
Belgium Brussels 2.5m
100%
Hungary Budapest 3.3m
100%
Argentina Buenos Aires 16.4m
100%
Egypt Cairo 22.2m
100%
Morocco Casablanca 4.3m
100%
Illinois Chicago 9.4m
100%
Ohio Cleveland 2.2m
100%
Germany Cologne 3.5m*
100%
Denmark Copenhagen 2.1m
100%
Texas Dallas 7.6m
100%
Colorado Denver 3.1m
100%
Michigan Detroit 4.4m
100%
United Arab Emirates Dubai 6.4m
100%
Ireland Dublin 1.5m*
100%
United Kingdom Edinburgh 900k
100%
Italy Florence 1m
100%
Germany Frankfurt 5.6m
100%
Switzerland Geneva 1m
100%
United Kingdom Glasgow 1m*
100%
China Guangzhou 32.6m
100%
Cuba Havana 2.2m
100%
Vietnam Ho Chi Minh City 22.6m
100%
Hawaii Honolulu 1m
100%
Texas Houston 7.1m
100%
Turkey Istanbul 15.4m*
100%
Indonesia Jakarta 41.9m
100%
Israel Jerusalem 1.3m
100%
South Africa Johannesburg 4.8m
100%
Democratic Republic of the Congo Kinshasa 17.8m
100%
Ukraine Kyiv 3.5m
100%
Nevada Las Vegas 2.3m
100%
Peru Lima 11.3m
100%
Portugal Lisbon 3m
100%
United Kingdom London 15.1m
100%
California Los Angeles 12.9m
100%
Spain Madrid 6.1m
100%
United Kingdom Manchester 2.9m
100%
Philippines Manila 22.9m
100%
France Marseille 1.9m
100%
Saudi Arabia Mecca 2.4m
100%
Australia Melbourne 5.4m
100%
Tenesee Memphis 1.3m
100%
Mexico Mexico City 21.8m
100%
Florida Miami 6.5m
100%
Italy Milan 6.6m
100%
Minnesota Minneapolis 3.7m
100%
Russia Moscow 21.5m
100%
India Mumbai 18.4m
100%
Germany Munich 6m
100%
Italy Naples 3m
100%
Tennessee Nashville 2.2m
100%
Louisiana New Orleans 1m
100%
New York New York City 20.1m
100%
France Paris 13.2m
100%
Pennsylvania Philadelphia 6.2m
100%
Arizona Phoenix 4.8m
100%
Pennsylvania Pittsburgh 2.4m
100%
Oregon Portland 2.5m
100%
Czech Republic Prague 2.3m
100%
Brazil Rio de Janeiro 13.9m
100%
Italy Rome 4.2m
100%
Russia Saint Petersburg 6.4m
100%
Utah Salt Lake City 1.3m
100%
California San Francisco 4.6m
100%
Washington Seattle 4m
100%
South Korea Seoul 26m
100%
Missouri St. Louis 2.8m
100%
Sweden Stockholm 2.5m
100%
Australia Sydney 5.2m*
100%
Taiwan Taipei 9m*
100%
Japan Tokyo 41m
100%
Canada Toronto 7.1m
100%
Italy Turin 2.2m
100%
Canada Vancouver 2.6m
100%
Italy Venice 834k
100%
Austria Vienna 2.9m
100%
Poland Warsaw 3.3m
100%
United States Washington, D.C. 6.3m
100%
India Delhi 28.5m
50%
China Hong Kong 7.5m
50%
United Kingdom Liverpool 900k
50%
______ Monaco 39k
50%
Canada Montreal 4.3m
50%
South Korea Shanghai 21.9m*
50%
_________ Singapore 6.1m
50%
_______ ____ Vatican City 882
50%
Greece Sparta 33k
0%
No matching quizzes found
Score Distribution
Percent of People with Each Score
Percentile by Number Answered
Your Score History
You have not taken this quiz